000 00738nam a2200205Ia 4500
999 _c38836
_d38836
003 OSt
005 20210507123507.0
008 160316s1985 xxu||||| |||| 00| 0 eng d
040 _cn
082 _a340.092000
_bDES-2
100 _aDeshpande V
245 _aA Chandrachud reader : Collection of judgements with annotations
260 _aNew Delhi
_bDocumentation Centre for Corporate Business Policy
_c1985
300 _a112p
365 _b Gratis
505 _aContents Can the police be allowed to spoil a prosecution case 4; Cruelty in marriage Narain Dinesh Dastane Vs Sucheta 11; Dissolution of State Legislative Assemblies State of Rajasthan 18; Copyright
650 _a1.Biographies
700 _a
_a
942 _2ddc
_cBK